|
|
|
|
| LEADER |
00937nam a22002533a 4500 |
| 001 |
7725 |
| 003 |
BD-DhAAL |
| 005 |
20151118092609.0 |
| 008 |
151118s1988 onc 000 1 eng d |
| 010 |
|
|
|a 00515847
|
| 020 |
|
|
|a 0373970536 (pbk.) :
|c $3.95
|
| 040 |
|
|
|a WIW
|c WIW
|d DLC
|d BD-DhAAL
|
| 050 |
0 |
0 |
|a CPB Box no. 1687 vol. 16
|
| 082 |
|
|
|a 813/.087208054
|
| 100 |
1 |
|
|a Dickey, Fred.
|9 16310
|
| 245 |
1 |
0 |
|a Burial in Moscow /
|c Fred Dickey.
|
| 260 |
|
|
|a Toronto ;
|a London ;
|a New York :
|b Worldwide Library,
|b A Gold Eagle Book,
|c 1988.
|
| 300 |
|
|
|a 379 p. ;
|c 18 cm.
|
| 541 |
|
|
|e 7725
|
| 655 |
|
7 |
|a Suspense fiction.
|2 gsafd
|9 16311
|
| 710 |
2 |
|
|a Copyright Paperback Collection (Library of Congress)
|5 DLC
|9 12847
|
| 942 |
|
|
|2 ddc
|c BK
|
| 999 |
|
|
|c 36204
|d 36204
|
| 952 |
|
|
|0 0
|1 0
|2 ddc
|4 0
|6 813_000000000000000__087208054_DIC
|7 0
|9 56926
|a SCL
|b SCL
|c GEN
|d 2015-11-18
|e Gift:
|l 5
|m 13
|o 813.087208054 DIC
|p 3020007725
|r 2026-02-07
|s 2026-02-03
|t 1
|w 2015-11-18
|y BK
|